|
|
|
|
| LEADER |
01227nam a2200325 a 4500 |
| 001 |
000454264 |
| 003 |
CZ BrMZK |
| 005 |
20071113140506.0 |
| 007 |
ta |
| 008 |
990305s1987 xr f cze d |
| 015 |
|
|
|a cnb000037607
|
| 035 |
|
|
|a (OCoLC)39416389
|
| 040 |
|
|
|a BOA001
|b cze
|
| 041 |
0 |
|
|a cze
|a eng
|
| 080 |
9 |
|
|a 802.0-56
|
| 100 |
1 |
|
|a Nosek, Jiří,
|d 1919-2001
|7 jk01090264
|4 aut
|
| 245 |
1 |
0 |
|a Syntax moderní angličtiny :
|b větné členy /
|c Jiří Nosek
|
| 260 |
|
|
|a Praha :
|b Státní pedagogické nakladatelství,
|c 1987
|
| 300 |
|
|
|a 199 s.
|
| 490 |
1 |
|
|a Učební texty vysokých škol
|
| 504 |
|
|
|a Obsahuje bibliografii
|
| 550 |
|
|
|a Vyd.: Univerzita Karlova v Praze, Filozofická fakulta
|
| 710 |
2 |
|
|a Univerzita Karlova.
|b Filozofická fakulta
|7 kn20010710340
|
| 810 |
2 |
|
|a Univerzita Karlova.
|b Filozofická fakulta.
|t Učební texty
|0 s
|
| 910 |
|
|
|a BOA001
|b 4-0931.074
|b PK-N-0026.924
|
| 964 |
|
|
|a Angličtina - členy větné - učebnice - školy vysoké
|
| 990 |
|
|
|a BK
|
| 991 |
|
|
|b 200711
|
| 996 |
7 |
|
|b 2619777148
|c 4-0931.074
|l MZK
|r Sklad / do 1 hodiny
|n 6
|w 000454264
|u 000010
|a 1
|e BOA001
|j MZK50
|s A
|
| 996 |
7 |
|
|b 3119958823
|c PK-N-0026.924
|l MZK
|r Sklad / do 1 hodiny
|n 0
|w 000454264
|u 000020
|a 1
|e BOA001
|j MZK50
|s A
|